000 00558nam a2200181 i 4500
001 134265
003 ES-MaACL
005 20230906194633.0
007 t|
008 070907s1932 ag ||||1| spa d
100 1 _aWast, Hugo.
_9116159
245 1 0 _aDon Bosco y su tiempo /
_cHugo Wast [seud.].
260 _aBuenos Aires :
_bGorriti,
_c1932 (
_fImpr. de Galo Saez)
300 _a2 v. ;
_c20 cm.
505 8 _aContiene: I. Los años de Carlos Alberto -- II. Los años de Pio IX
600 0 4 _aJuan Bosco
_cSanto.
_967105
852 _aES-MaACL
_jA-1536-37
999 _c134265
_d134265